Flags with zoom-in 2 - Statistics

General Stats
  • This quiz has been taken 129 times
  • The average score is 13 of 16
Answer Stats
Picture Answer % Correct
Canada
100%
South Africa
100%
Algeria
99%
Barbados
97%
Portugal
97%
South Korea
97%
Bahamas
93%
Croatia
87%
Uganda
86%
Cyprus
83%
Brunei
78%
Uzbekistan
77%
Dominica
71%
Grenada
69%
Zimbabwe
67%
Turkmenistan
41%
No matching quizzes found
Score Distribution
Percent of People with Each Score
Percentile by Number Answered
Your Score History
You have not taken this quiz